00465nam a2200157Ia 4500008004100000020001800041082001400059100002000073245006100093250000700154260005600161300003100217500001900248600002000267650002000287240925s9999 xx 000 0 und d a9789331328212 a370.1 SIN aSingaravelu, G. 0aPhilosophical and Sociological Perspectives of Education aNA aNew Delhi:bA. P. H. Publishing Corporationc,2016. aVarious pagesb0fOriginal aIncludes Index aSocial Sciences aSocial Sciences